| 000 | 005630000a22001810004500 | ||
|---|---|---|---|
| 003 | MACL | ||
| 005 | 20160527152013.0 | ||
| 008 | 160527b xxu||||| |||| 00| 0 eng d | ||
| 040 |
_aMACL _cMACL |
||
| 041 | _aHindi | ||
| 082 | _a891.433 | ||
| 100 |
_aखान, उषाकिरण _957483 |
||
| 245 |
_aसिरजनहार _cउषाकिरण खान |
||
| 260 |
_aदिल्ली _bभारतीय ज्ञानपीठ प्रकाशन _c2010 |
||
| 350 | _a450 | ||
| 650 |
_aNovel _960254 |
||
| 942 |
_cHIN _k891.433/KHA/N _2ddc |
||
| 999 |
_c48959 _d48959 |
||